Представление документа в формате RUSMARC

ПолеНазваниеЗначение
  Тип записи a
  Библиографический уровень c
001 Контрольный номер RU/IS/BASE/232648906
005 Дата корректировки 20241203095201.3
010 Индекс ISBN __
d Цена 3-60
101 Язык документа 0_
a Язык текста rus
c Язык оригинала rus
200 Заглавие и сведения об ответственности 1_
a Заглавие Собрание сочинений
e Сведения, относящиеся к заглавию в 5 т.
f Первые сведения об ответственности Сергей Сартаков
b Общее обозначение материала Текст
h Номер части Т. 2
i Наименование части Хребты Саянские : роман : в 3 кн. Кн. 2, 3
210 Выходные данные 1_
a Место издания М.
c Издательство Худож. лит.
d Дата издания 1978
215 Физическое описание __
a Объем 746, [3] с.
330 Аннотация __
a Аннотация Герои романа включаются в революционную борьбу, отстаивая права человека.
606 Тематические рубрики __
a Основная рубрика Художественная литература
z Хронологическая подрубрика 20 в.
y Географическая подрубрика Россия
606 Тематические рубрики __
a Основная рубрика Русская литература XX в. (произведения)
610 Ключевые слова 0_
a Ключевые слова романы; тема труда; тема деревни; тема крестьянства; тема революции; советская литература; тема Сибири
686 Индексы других классификаций __
a Классификационный индекс 84(2Рос=Рус)6-4
700 Автор _1
a Фамилия Сартаков
b Имя С. В.
g Полное личное имя Сергей Венедиктович
4 Код отношения 070
801 Источник записи _0
a Страна RU
b Организация Муниципальное бюджетное учреждение культуры "Централизованная библиотечная система" г. Сургут (Центральная городская библиотека им. А. С. Пушкина)
g Правила каталогизации КиК/Поспелова
801 Источник записи _1
a Страна RU
b Организация Муниципальное бюджетное учреждение культуры "Централизованная библиотечная система" г. Сургут (Центральная городская библиотека им. А. С. Пушкина)
g Правила каталогизации КиК/Поспелова
852 Данные о местонахождении __
j Шифр хранения 84(2Рос=Рус)6-4
c Каталожный индекс 84(2Рос=Рус)6-4
i Авторский знак С 20
p Инвентарный номер 136403(с); 136405(с)
901 Тип документа __
t Тип документа x
903 Характеристики (МАРС) __
a Дата передачи 20061123
969 Тип издания __
a Тип издания сборник
990 Данные о заказе (DOS) __
j Количество экземпляров (DOS) 2
t N записи в КСУ для И/У (DOS) ретро